| 000 | 01181nab a22002417a 4500 | ||
|---|---|---|---|
| 999 |
_c5922 _d5922 |
||
| 003 | OSt | ||
| 005 | 20260114010038.0 | ||
| 008 | 190605e xxu||||| |||| 00| 0 spa d | ||
| 040 | _cPJ | ||
| 100 |
_96370 _aLoredo, María Sol |
||
| 245 | 1 | 3 |
_aLa (in)compatibilidad del modelo sindical argentino con las garantías constitucionales y los convenios internacionales / _cMaría Sol Loredo. |
| 260 |
_aCiudad Autónoma de Buenos Aires : _bThomson Reuters La Ley, _c2024. |
||
| 300 | _ap. 57-67 | ||
| 500 | _aCita: TR LALEY AR/DOC/2996/2023. | ||
| 505 | _aSumario: I. Introducción.— II. Breve caracterización del modelo sindical argentino.— III. Análisis de los institutos de la norma en pugna.— IV. Conclusión.— V. Bibliografía. | ||
| 505 | _t¿Te interesa el texto completo? Solicitalo al correo: koha@justierradelfuego.gov.ar | ||
| 650 | 0 |
_91316 _aDERECHO LABORAL |
|
| 650 | 0 |
_91461 _aLIBERTAD SINDICAL |
|
| 650 | 0 |
_91371 _aPERSONERIA GREMIAL |
|
| 650 | 0 |
_9179 _aGARANTIAS CONSTITUCIONALES › |
|
| 773 | 0 |
_02711 _93168 _dCiudad Autónoma de Buenos Aires : Thomson Reuters La Ley, 1999-2002. _tRevista de derecho del trabajo. Nº 1 - Enero 2024 |
|
| 942 |
_2udc _cANA |
||